| 000 | 01227cam a22003497a 4500 | ||
|---|---|---|---|
| 003 | CHAP | ||
| 005 | 20220329142738.0 | ||
| 008 | 020503d2002 us r 00110 eng d | ||
| 010 | _a87165 | ||
| 011 | _a88137 | ||
| 020 | _a1584881119 | ||
| 035 | _a98682 | ||
| 040 | _cCHAP | ||
| 082 | 0 | 4 |
_a630.0182 _bS7 |
| 100 | 0 | 0 |
_aSchabenberger, Oliver. _9102878 |
| 245 | 1 | 0 |
_aContemporary statistical models for the plant and soil sciences _c/by Oliver Schabenberger and Francis J. Pierce |
| 260 |
_aBoca Ratón : _bCRC Press, _c2002. |
||
| 300 |
_a738 p. ; _bgráfs. ; _e+ 1disco compacto 4 3/4 plgs. |
||
| 590 |
_aBATCH-UPD _b10 _c20130110 _lUCH01 _h0600 |
||
| 590 |
_aBATCH-UPD _b10 _c20130410 _lUCH01 _h0241 |
||
| 590 |
_aBATCH-UPD _b10 _c20130914 _lUCH01 _h1821 |
||
| 590 |
_aCONVERSION _b10 _c20130109 _lUCH01 _h1348 |
||
| 650 | 1 | 4 |
_aAgricultura _xModelos matematicos. _91744 |
| 650 | 1 | 4 |
_aModelos estadísticos. _976417 |
| 650 | 1 | 4 |
_aSuelos _xMétodos estadísticos. _9110440 |
| 700 | 0 |
_aPierce, Francis J. _988017 |
|
| 901 | _aBK | ||
| 905 | _aAlejandra Carrasco M. | ||
| 942 | _cCD | ||
| 949 |
_a630.0182 S7 _bBC _cCD _d33724002025124 _eCD _fCD _i98682 _sb |
||
| 949 |
_a630.0182 S7 _bBC _cLIBRO _d33724000889234 _eLIBRO _h103583 _i98682 _si |
||
| 999 |
_c87165 _d87165 |
||